000 00690nam a2200265Ia 4500
005 20260121165840.0
008 008 260114s9999 xx 000 0 eng d
020 _a9783319297286
037 _aEBOOK
040 _aCRL
040 _beng
040 _cCRL
041 _2eng
041 _aeng
084 _qCRL
100 _aChristoph Zinner, Billy Sperlich
_91056781
245 0 _aMarathon Running: Physiology, Psychology, Nutrition and Training Aspects
260 _bSpringer
260 _bSpringer
260 _c2016
856 _uhttps://link.springer.com/openurl?genre=book&isbn=978-3-319-29728-6
942 _cEBOOK
999 _c1622509
_d1622509